|
|
|
|
| LEADER |
00995nam a2200253 i 4500 |
| 001 |
c000313013 |
| 003 |
CARM |
| 005 |
00000000000000.0 |
| 008 |
s1984 enk 10010 eng d |
| 015 |
|
|
|a b8420359
|
| 019 |
1 |
|
|a 3676387
|z 4816820
|5 LACONCORD2021
|
| 020 |
|
|
|a 0863530109 (pbk) :
|c CIP rev
|
| 035 |
|
|
|a (OCoLC)11619897
|5 LACONCORD2021
|
| 050 |
0 |
0 |
|a TK5105.5
|
| 111 |
2 |
0 |
|a European Computer Communications Conference
|d (1984 :
|c London, England)
|
| 245 |
1 |
0 |
|a Networks 84 :
|b the proceedings of the European Computer Communications Conference held in London, July 1984.
|
| 260 |
|
|
|a Pinner :
|b Online,
|c c1984.
|
| 300 |
|
|
|a xv, 747 p. :
|b ill., ports ;
|c 30cm.
|
| 500 |
|
|
|a Conference papers.
|
| 650 |
|
0 |
|a Computer networks.
|
| 852 |
8 |
|
|b CARM
|h A3:AD07E0
|i F05598
|p 0471419
|f BK
|
| 082 |
0 |
4 |
|a 004.6
|2 19
|
| 999 |
f |
f |
|i d55854cf-9a21-52ab-8194-abef862775fd
|s 3ca4a348-f165-52bc-a9c3-1a2627fddafa
|
| 952 |
f |
f |
|p Can circulate
|a CAVAL
|b CAVAL
|c CAVAL
|d CARM 1 Store
|e F05598
|f A3:AD07E0
|h Other scheme
|i book
|m 0471419
|